Kto rozpaľuje politickú horúčavu európskeho leta

Názory autora na nepokoje vo svete, v Európe a kto za to môže.

Guardado en:
Detalles Bibliográficos
Autor principal: Škvrnda, František
Formato: Capítulo de libro
Lenguaje:eslovaco
Materias:
Etiquetas: Agregar Etiqueta
Sin Etiquetas, Sea el primero en etiquetar este registro!

MARC

LEADER 00000naa a2200000 4500
001 0207139
005 20240502073436.0
041 0 |a slo 
044 |a SK 
245 1 0 |a Kto rozpaľuje politickú horúčavu európskeho leta  |c František Škvrnda 
520 |a Názory autora na nepokoje vo svete, v Európe a kto za to môže. 
610 2 0 |a situácia politická 
610 2 0 |a bezpečnosť európska 
610 2 0 |a Blízky východ 
610 2 0 |a USA 
100 1 |a Škvrnda, František